Звукоподражание в китайском языке. К постановке вопроса; Коммуникативные аспекты языка и культуры; Ч. 2
| Parent link: | Коммуникативные аспекты языка и культуры: сборник материалов XII Международной научно-практической конференции студентов и молодых ученых, г. Томск, 16-18 мая 2012 г./ Национальный исследовательский Томский политехнический университет (ТПУ), Институт международного образования и языковой коммуникации (ИМОЯК) ; под ред. С. А. Песоцкой.— , 2012 Ч. 2.— 2012.— [С. 244-249] |
|---|---|
| Hlavní autor: | |
| Korporativní autor: | |
| Další autoři: | |
| Shrnutí: | Заглавие с титульного листа. Электронная версия печатной публикации. |
| Jazyk: | ruština |
| Vydáno: |
2012
|
| Edice: | Востоковедение: мир языка и культуры |
| Témata: | |
| On-line přístup: | http://www.lib.tpu.ru/fulltext/c/2012/C77/V2/065.pdf |
| Médium: | MixedMaterials Elektronický zdroj Kapitola |
| KOHA link: | https://koha.lib.tpu.ru/cgi-bin/koha/opac-detail.pl?biblionumber=609318 |
MARC
| LEADER | 00000naa2a2200000 4500 | ||
|---|---|---|---|
| 001 | 609318 | ||
| 005 | 20231101132542.0 | ||
| 035 | |a (RuTPU)RU\TPU\conf\6765 | ||
| 035 | |a RU\TPU\conf\6763 | ||
| 090 | |a 609318 | ||
| 100 | |a 20141105d2012 k y0rusy50 ca | ||
| 101 | 0 | |a rus | |
| 102 | |a RU | ||
| 105 | |a y z 100zy | ||
| 135 | |a drgn ---uucaa | ||
| 181 | 0 | |a i | |
| 182 | 0 | |a b | |
| 200 | 1 | |a Звукоподражание в китайском языке. К постановке вопроса |f О. К. Рогалева |g науч. рук. У. В. Хоречко | |
| 203 | |a Текст |c электронный | ||
| 215 | |a 1 файл (269 Кб) | ||
| 225 | 1 | |a Востоковедение: мир языка и культуры | |
| 230 | |a Электронные текстовые данные (1 файл : 269 Кб) | ||
| 300 | |a Заглавие с титульного листа. | ||
| 300 | |a Электронная версия печатной публикации. | ||
| 320 | |a [Библиогр.: с. 249 (3 назв.)] | ||
| 337 | |a Adobe Reader | ||
| 461 | 1 | |0 (RuTPU)RU\TPU\conf\4597 |t Коммуникативные аспекты языка и культуры |o сборник материалов XII Международной научно-практической конференции студентов и молодых ученых, г. Томск, 16-18 мая 2012 г. |o в 3 ч. |f Национальный исследовательский Томский политехнический университет (ТПУ), Институт международного образования и языковой коммуникации (ИМОЯК) ; под ред. С. А. Песоцкой |d 2012 | |
| 463 | 1 | |0 (RuTPU)RU\TPU\conf\4604 |t Ч. 2 |v [С. 244-249] |d 2012 | |
| 610 | 1 | |a электронный ресурс | |
| 610 | 1 | |a труды учёных ТПУ | |
| 610 | 1 | |a китайский язык | |
| 610 | 1 | |a звукоподражание | |
| 610 | 1 | |a ономатопея | |
| 610 | 1 | |a лексика | |
| 610 | 1 | |a языковая картина мира | |
| 700 | 0 | |a Рогалева |b О. К. | |
| 702 | 1 | |a Хоречко |b У. В. |c лингвист |c заведующий кафедрой Томского политехнического университета, кандидат филологических наук |f 1982- |g Ульяна Викторовна |2 stltpush |4 727 | |
| 712 | 0 | 2 | |a Национальный исследовательский Томский политехнический университет (ТПУ) |b Институт международного образования и языковой коммуникации (ИМОЯК) |b Кафедра восточных языков (ВЯ) |h 3505 |2 stltpush |3 (RuTPU)RU\TPU\col\18973 |
| 801 | 1 | |a RU |b 63413507 |c 20140902 | |
| 801 | 2 | |a RU |b 63413507 |c 20160124 |g RCR | |
| 856 | 4 | |u http://www.lib.tpu.ru/fulltext/c/2012/C77/V2/065.pdf | |
| 942 | |c BK | ||